<?xml version="1.0" encoding="UTF-8"?>
<record
    xmlns:xsi="http://www.w3.org/2001/XMLSchema-instance"
    xsi:schemaLocation="http://www.loc.gov/MARC21/slim http://www.loc.gov/standards/marcxml/schema/MARC21slim.xsd"
    xmlns="http://www.loc.gov/MARC21/slim">

  <leader>00614nam a22001577a 4500</leader>
  <controlfield tag="003">OSt</controlfield>
  <controlfield tag="005">20150909155852.0</controlfield>
  <controlfield tag="008">150909b        xxu||||| |||| 00| 0 eng d</controlfield>
  <datafield tag="040" ind1=" " ind2=" ">
    <subfield code="c">RUA</subfield>
  </datafield>
  <datafield tag="082" ind1=" " ind2=" ">
    <subfield code="a">AGR &#x17A0;&#x17BB;&#x1780; 1994 B009 Or.1</subfield>
  </datafield>
  <datafield tag="100" ind1=" " ind2=" ">
    <subfield code="9">192</subfield>
    <subfield code="a">&#x17A0;&#x17BB;&#x1780; &#x179F;&#x17C0;&#x1784;</subfield>
  </datafield>
  <datafield tag="245" ind1=" " ind2=" ">
    <subfield code="a">&#x179B;&#x1780;&#x17D2;&#x1781;&#x178E;&#x17C8;&#x179A;&#x17BC;&#x1794;-&#x1782;&#x17B8;&#x1798;&#x17B8;&#x178A;&#x17B8;&#x1780;&#x17BC;&#x17A1;&#x17BC;&#x179C;&#x17B8;&#x17A2;&#x17B6;&#x179B;&#x17CB;&#x1780;&#x17D2;&#x1793;&#x17BB;&#x1784;&#x1794;&#x17D2;&#x179A;&#x1796;&#x179B;&#x179C;&#x1794;&#x17D2;&#x1794;&#x1780;&#x1798;&#x17D2;&#x1798;&#x178A;&#x17C6;&#x178E;&#x17B6;&#x17C6;&#x179F;&#x17D2;&#x179C;&#x17B6;&#x1799;&#x1785;&#x1793;&#x17D2;&#x1791;&#x17B8;&#x179F;&#x17D2;&#x179A;&#x17BB;&#x1780;&#x1794;&#x17B6;&#x1797;&#x17D2;&#x1793;&#x17C6;&#x1781;&#x17C1;&#x178F;&#x17D2;&#x178F;&#x1796;&#x17D2;&#x179A;&#x17C3;&#x179C;&#x17C2;&#x1784;</subfield>
  </datafield>
  <datafield tag="260" ind1=" " ind2=" ">
    <subfield code="a">Phnom Penh</subfield>
    <subfield code="b">RUA</subfield>
    <subfield code="c">1994</subfield>
  </datafield>
  <datafield tag="300" ind1=" " ind2=" ">
    <subfield code="a">102p.</subfield>
    <subfield code="b">ill.</subfield>
    <subfield code="c">29cm.</subfield>
  </datafield>
  <datafield tag="942" ind1=" " ind2=" ">
    <subfield code="2">ddc</subfield>
    <subfield code="c">AGR</subfield>
  </datafield>
  <datafield tag="999" ind1=" " ind2=" ">
    <subfield code="c">172</subfield>
    <subfield code="d">172</subfield>
  </datafield>
  <datafield tag="952" ind1=" " ind2=" ">
    <subfield code="0">0</subfield>
    <subfield code="1">0</subfield>
    <subfield code="2">ddc</subfield>
    <subfield code="4">0</subfield>
    <subfield code="6">AGR_&#x17A0;&#x17BB;&#x1780;_1994_000000000000000_B009_OR_1</subfield>
    <subfield code="7">0</subfield>
    <subfield code="9">675</subfield>
    <subfield code="a">LBB</subfield>
    <subfield code="b">LBB</subfield>
    <subfield code="c">B009</subfield>
    <subfield code="d">2015-09-09</subfield>
    <subfield code="l">1</subfield>
    <subfield code="o">AGR &#x17A0;&#x17BB;&#x1780; 1994 B009 Or.1</subfield>
    <subfield code="p">RUA003157</subfield>
    <subfield code="r">2016-12-06</subfield>
    <subfield code="s">2016-12-02</subfield>
    <subfield code="w">2015-09-09</subfield>
    <subfield code="y">AGR</subfield>
  </datafield>
  <datafield tag="952" ind1=" " ind2=" ">
    <subfield code="0">0</subfield>
    <subfield code="1">0</subfield>
    <subfield code="2">ddc</subfield>
    <subfield code="4">0</subfield>
    <subfield code="6">AGR_&#x17A0;&#x17BB;&#x1780;_1994_000000000000000_B009_OR_2</subfield>
    <subfield code="7">0</subfield>
    <subfield code="9">676</subfield>
    <subfield code="a">LBB</subfield>
    <subfield code="b">LBB</subfield>
    <subfield code="c">B009</subfield>
    <subfield code="d">2015-09-09</subfield>
    <subfield code="o">AGR &#x17A0;&#x17BB;&#x1780; 1994 B009 Or.2</subfield>
    <subfield code="p">RUA003336</subfield>
    <subfield code="r">2015-09-09</subfield>
    <subfield code="w">2015-09-09</subfield>
    <subfield code="y">AGR</subfield>
  </datafield>
  <datafield tag="952" ind1=" " ind2=" ">
    <subfield code="0">0</subfield>
    <subfield code="1">0</subfield>
    <subfield code="2">ddc</subfield>
    <subfield code="4">0</subfield>
    <subfield code="6">AGR_&#x17A0;&#x17BB;&#x1780;_1994_000000000000000_B009_OR_3</subfield>
    <subfield code="7">0</subfield>
    <subfield code="9">677</subfield>
    <subfield code="a">LBB</subfield>
    <subfield code="b">LBB</subfield>
    <subfield code="c">B009</subfield>
    <subfield code="d">2015-09-09</subfield>
    <subfield code="o">AGR &#x17A0;&#x17BB;&#x1780; 1994 B009 Or.3</subfield>
    <subfield code="p">RUA003408</subfield>
    <subfield code="r">2015-09-09</subfield>
    <subfield code="w">2015-09-09</subfield>
    <subfield code="y">AGR</subfield>
  </datafield>
  <datafield tag="952" ind1=" " ind2=" ">
    <subfield code="0">0</subfield>
    <subfield code="1">0</subfield>
    <subfield code="2">ddc</subfield>
    <subfield code="4">0</subfield>
    <subfield code="6">AGR_&#x17A0;&#x17BB;&#x1780;_1994_000000000000000_B009_OR_4</subfield>
    <subfield code="7">0</subfield>
    <subfield code="9">678</subfield>
    <subfield code="a">LBB</subfield>
    <subfield code="b">LBB</subfield>
    <subfield code="c">B009</subfield>
    <subfield code="d">2015-09-09</subfield>
    <subfield code="o">AGR &#x17A0;&#x17BB;&#x1780; 1994 B009 Or.4</subfield>
    <subfield code="p">RUA003516</subfield>
    <subfield code="r">2015-09-09</subfield>
    <subfield code="w">2015-09-09</subfield>
    <subfield code="y">AGR</subfield>
  </datafield>
  <datafield tag="952" ind1=" " ind2=" ">
    <subfield code="0">0</subfield>
    <subfield code="1">0</subfield>
    <subfield code="2">ddc</subfield>
    <subfield code="4">0</subfield>
    <subfield code="6">AGR_&#x17A0;&#x17BB;&#x1780;_1994_000000000000000_B009_OR_5</subfield>
    <subfield code="7">0</subfield>
    <subfield code="9">679</subfield>
    <subfield code="a">LBB</subfield>
    <subfield code="b">LBB</subfield>
    <subfield code="c">B009</subfield>
    <subfield code="d">2015-09-09</subfield>
    <subfield code="o">AGR &#x17A0;&#x17BB;&#x1780; 1994 B009 Or.5</subfield>
    <subfield code="p">RUA003120</subfield>
    <subfield code="r">2015-09-09</subfield>
    <subfield code="w">2015-09-09</subfield>
    <subfield code="y">AGR</subfield>
  </datafield>
  <datafield tag="952" ind1=" " ind2=" ">
    <subfield code="0">0</subfield>
    <subfield code="1">0</subfield>
    <subfield code="2">ddc</subfield>
    <subfield code="4">0</subfield>
    <subfield code="6">AGR_&#x17A0;&#x17BB;&#x1780;_1994_000000000000000_B009_OR_6</subfield>
    <subfield code="7">0</subfield>
    <subfield code="9">680</subfield>
    <subfield code="a">LBB</subfield>
    <subfield code="b">LBB</subfield>
    <subfield code="c">B009</subfield>
    <subfield code="d">2015-09-09</subfield>
    <subfield code="o">AGR &#x17A0;&#x17BB;&#x1780; 1994 B009 Or.6</subfield>
    <subfield code="p">RUA003402</subfield>
    <subfield code="r">2015-09-09</subfield>
    <subfield code="w">2015-09-09</subfield>
    <subfield code="y">AGR</subfield>
  </datafield>
  <datafield tag="952" ind1=" " ind2=" ">
    <subfield code="0">0</subfield>
    <subfield code="1">0</subfield>
    <subfield code="2">ddc</subfield>
    <subfield code="4">0</subfield>
    <subfield code="6">AGR_&#x17A0;&#x17BB;&#x1780;_1994_000000000000000_B009_OR_7</subfield>
    <subfield code="7">0</subfield>
    <subfield code="9">681</subfield>
    <subfield code="a">LBB</subfield>
    <subfield code="b">LBB</subfield>
    <subfield code="c">B009</subfield>
    <subfield code="d">2015-09-09</subfield>
    <subfield code="l">1</subfield>
    <subfield code="o">AGR &#x17A0;&#x17BB;&#x1780; 1994 B009 Or.7</subfield>
    <subfield code="p">RUA003971</subfield>
    <subfield code="r">2024-05-28</subfield>
    <subfield code="s">2024-05-08</subfield>
    <subfield code="w">2015-09-09</subfield>
    <subfield code="y">AGR</subfield>
  </datafield>
  <datafield tag="952" ind1=" " ind2=" ">
    <subfield code="0">0</subfield>
    <subfield code="1">0</subfield>
    <subfield code="2">ddc</subfield>
    <subfield code="4">0</subfield>
    <subfield code="6">AGR_&#x17A0;&#x17BB;&#x1780;_1994_000000000000000_B009_OR_8</subfield>
    <subfield code="7">0</subfield>
    <subfield code="9">682</subfield>
    <subfield code="a">LBB</subfield>
    <subfield code="b">LBB</subfield>
    <subfield code="c">B009</subfield>
    <subfield code="d">2015-09-09</subfield>
    <subfield code="o">AGR &#x17A0;&#x17BB;&#x1780; 1994 B009 Or.8</subfield>
    <subfield code="p">RUA003160</subfield>
    <subfield code="r">2015-09-09</subfield>
    <subfield code="w">2015-09-09</subfield>
    <subfield code="y">AGR</subfield>
  </datafield>
  <datafield tag="952" ind1=" " ind2=" ">
    <subfield code="0">0</subfield>
    <subfield code="1">0</subfield>
    <subfield code="2">ddc</subfield>
    <subfield code="4">0</subfield>
    <subfield code="6">AGR_&#x17A0;&#x17BB;&#x1780;_1994_000000000000000_B009_OR_9</subfield>
    <subfield code="7">0</subfield>
    <subfield code="9">683</subfield>
    <subfield code="a">LBB</subfield>
    <subfield code="b">LBB</subfield>
    <subfield code="c">B009</subfield>
    <subfield code="d">2015-09-09</subfield>
    <subfield code="o">AGR &#x17A0;&#x17BB;&#x1780; 1994 B009 Or.9</subfield>
    <subfield code="p">RUA003085</subfield>
    <subfield code="r">2015-09-09</subfield>
    <subfield code="w">2015-09-09</subfield>
    <subfield code="y">AGR</subfield>
  </datafield>
</record>
